000 01579naa a22003737a 4500
001 BR8201358
003 BR-BrBNA
005 20250721143154.0
007 ta
008 250630b bl.|||m| |||| 00| 0 por d
040 _aBR-BrBNA
_bpor
_cBiblioteca Nacional de Agricultura
041 _a(Pt)
072 _aH10
_b1112
_b3879
_b4050
_bG514
090 _aH10 BR8201358
100 1 _aZem, A.C.
100 1 _aRodrigues, J.A.S.
100 1 _aAlves, E.J.
100 1 _aMonteiro, A.R.
100 1 _aLordello, L.G.E.
111 1 _a5. Reuniao Brasileira de Nematologia
_cLondrina, PR (Brazil)
_d9 Feb 1981
245 1 _aControle de nematoides em bananeira "Prata" atraves de nematicidas sistemicos granulados [Banana prata; Musa acuminata; Controle quimico; Brasil]
246 1 _aSystemic nematicides for control of nematodes in banana tree cv. "prata" [Musa acuminata; Chemical control; Brazil]
246 1 _a[Works presented to the 5. Brazilian Meeting of Nematology]
500 _aTrabalhos apresentados a 5. Reuniao Brasileira de Nematologia Piracicaba, SP (Brasil): 1982. p. 203-212 [11 ref.; Summaries (En, Pt)] (BR8201358-AMS)
773 0 _tTrabalhos apresentados a 5. Reuniao Brasileira de Nematologia
_wH10 BR8201358
_gPiracicaba, SP (Brasil), 1982. p. 203-212
650 _aPraga de planta
650 _aBanana prata
650 _aNematicida sistemico
650 _aNematoide
650 _aControle quimico
490 _aPublicacao - Sociedade Brasileira de Nematologia (Brazil)
_vno. 5
942 _cAMS
_2AGRIS
909 _a202506
_bLúcia
_c55
_dLúcia Elande
999 _c334099
_d334099